| 000 | 00807cam a2200229 i 4500 | ||
|---|---|---|---|
| 005 | 20251108173726.0 | ||
| 008 | 250721s2011 ua gr 000 0 ara d | ||
| 020 | _a9773363260 | ||
| 082 | 1 | 4 |
_a155.25 _bش ا ذ |
| 100 | 1 |
_aالشاذلي، كريم _eمؤلف. |
|
| 245 | 1 | 2 |
_aالشخصية الساحرة : _bأسرار الجاذبية الشخصية / _cكريم الشاذلي. |
| 246 | 1 | 0 | _athe charisma. |
| 250 | _aالطبعة الثانية. | ||
| 264 | 1 |
_a[غير معرف] : _bدار أجيال للنشر و التوزيع، _c2011. |
|
| 300 | _a320 صفحة. | ||
| 650 | 1 | 7 | _aالشخصيه. |
| 650 | 1 | 7 | _aتطوير الشخصيه. |
| 650 | 1 | 7 | _aالحياه العلميه. |
| 650 | 1 | 7 | _aعلم النفس الفردي. |
| 942 |
_2ddc _cBK |
||
| 999 |
_c110891 _d110891 |
||